Media and entertainment law (Record no. 8934)

MARC details
000 -LEADER
fixed length control field 00454nam a2200169Ia 4500
008 - FIXED-LENGTH DATA ELEMENTS--GENERAL INFORMATION
fixed length control field 230917s9999||||xx |||||||||||||| ||und||
020 ## - ISBN
Price GBP 38.99 (RS 3906.02)
040 ## - CATALOGING SOURCE
Original cataloging agency VIVEKANANDA LIBRARY
082 ## - DDC NUMBER
Classification number 343.4107830223 S31M(4)
100 ## - MAIN ENTRY--PERSONAL NAME
Personal name Smartt, Ursula
245 #0 - TITLE STATEMENT
Title Media and entertainment law
250 ## - EDITION STATEMENT
Edition statement 4th ed.
260 ## - PUBLICATION, DISTRIBUTION, ETC. (IMPRINT)
Place of publication, distribution, etc Oxon
Name of publisher, distributor, etc Routledge
Date of publication, distribution, etc 2020
300 ## - PHYSICAL DESCRIPTION
Pages xc, 679 p.
500 ## - GENERAL NOTE
General note 5068 14/03/2023 HBD23/9803 14/03/2023 Main Budget
942 ## - ADDED ENTRY ELEMENTS (KOHA)
Koha item type Books
Holdings
Withdrawn status Lost status Damaged status Not for loan Location (home branch) Sublocation or collection (holding branch) Date acquired Koha issues (times borrowed) Koha full call number Accession No. Koha date last seen Koha item type
        VIVEKANANDA LIBRARY VIVEKANANDA LIBRARY 28/03/2023   343.4107830223 S31M(4) 377343 17/09/2023 Books
© Designed and Maintained by Vivekananda Library, MDU Rohtak